|
|
|
|
| LEADER |
00000nab a2200000 ar4500 |
| 001 |
vtls008409110 |
| 003 |
SK-MaSNL |
| 005 |
20260426071826.0 |
| 008 |
051111c2005 xo wr|p|||||||000 b|slo |
| 015 |
|
|
|a SNBRB2005/11
|2 snkbucl
|
| 038 |
|
|
|a SNKBUCL
|
| 040 |
|
|
|a SNKBUCL
|b slo
|c SNKBUCL
|e AACR2
|
| 041 |
0 |
|
|a slo
|
| 044 |
|
|
|a xo
|c SK
|
| 080 |
|
|
|a 331.5
|x (437.6)
|2 UDC-MRF-SK2
|
| 100 |
1 |
|
|a Behúnová, Alena
|4 aut
|9 1026644
|
| 245 |
1 |
0 |
|a Vládna správa: Chudoba narastá
|c Alena Behúnová
|
| 300 |
|
|
|b Fotogr., tab.
|
| 648 |
|
7 |
|a 2005, 1. štvrťrok
|2 snkbucl
|9 1326927
|
| 650 |
0 |
7 |
|a nezamestnanosť
|2 snkbucl
|9 4271
|
| 650 |
0 |
7 |
|a zamestnanosť
|2 snkbucl
|9 2209
|
| 651 |
|
7 |
|a Slovensko
|2 snkbucl
|9 14231
|
| 773 |
0 |
|
|t Slovo. Spoločensko-politický týždenník
|g Roč. VII, č. 28 (2005), s. 2
|x 1335-468X
|
| 852 |
|
|
|a SNK
|b KIS3GCP
|
| 958 |
|
|
|a SK
|
| 999 |
|
|
|c 2682467
|d 2684397
|